000 00402nam a2200145Ia 4500
008 230711s9999||||xx |||||||||||||| ||und||
041 _aENG
082 _a4
_bBR-M
100 _aBrey,Barry B
245 0 _a8086/8088 Microprocessor : Architecture, programming, and interfacing
250 _a1st Ed.
260 _c1987
_aNew Delhi
_bMerrill Publication Co,
650 _aComputer Engineering
942 _cBK
999 _c2360
_d2360